Citizenship regimes and post-neoliberal environments in Bolivia /
Spremljeno u:
| Glavni autor: | |
|---|---|
| Format: | Tekst |
| Oznake: |
Dodaj oznaku
Bez oznaka, Budi prvi tko označuje ovaj zapis!
|
MARC
| LEADER | 00000 a a2200000 04500 | ||
|---|---|---|---|
| 001 | 47172 | ||
| 003 | |||
| 040 | |||
| 100 | |a Tockman, Jason | ||
| 245 | |a Citizenship regimes and post-neoliberal environments in Bolivia / |c Jason Tockman | ||
| 773 | |g páginas 129-148 | ||
| 999 | |c 23285 |d 23285 | ||
